Books by Opening Sentence (21st Century) Quiz Stats

 Plays Quiz Updated Aug 2, 2015

Also try: Novel Last Lines
Challenge
Share
Tweet
Embed
Score 0/25 Timer 08:00
0 Plays Today
% Correct
The Da Vinci Code
81.3%
Still Alice
59.5%
Harry Potter and the Deathly Hallows
50.4%
Gone Girl
45.8%
The Lovely Bones
41.6%
The Help
38.2%
The Road
36.8%
The Brief Wondrous Life of Oscar Wao
31.8%
Twilight
31.5%
Divergent
27.5%
The Hunger Games
26%
American Gods
24.7%
The Book Thief
21.6%
% Correct
The Maze Runner
18.9%
We Need to Talk About Kevin
18.1%
The Kite Runner
17.3%
Extremely Loud and Incredibly Close
17.1%
The Goldfinch
16.2%
The Martian
15.2%
Life of Pi
14.6%
Water for Elephants
13.4%
11|22|63
12.6%
The Girl with the Dragon Tattoo
11.4%
Cloud Atlas
10.2%
On Such a Full Sea
4.8%

You're not logged in!

Compare scores with friends on all Sporcle quizzes.
Join for Free
OR
Log In

You Might Also Like...

Show Comments

Extras

Top Quizzes Today


Score Distribution

Your Account Isn't Verified!

In order to create a playlist on Sporcle, you need to verify the email address you used during registration. Go to your Sporcle Settings to finish the process.

Report this User

Report this user for behavior that violates our Community Guidelines.

Details: